000 00446nam a2200181Ia 4500
005 20250603145009.0
008 250603s9999 xx 000 0 und d
020 _a9789350143698
050 _aTH 103 .S53/
100 _aSharma, M. R.
245 0 _aFundamentals of construction planning and management
260 _aNew Delhi
260 _bS. K. Kataria & Sons
260 _c2015
300 _a353 p
650 _aNew Delhi
942 _cBK
999 _c40564
_d40564